La producción y el comercio de vinos en los Estados Unidos / (Record no. 53252)

MARC details
000 -LEADER
campo de control de longitud fija 01026nam a22002535i 4500
001 - NÚMERO DE CONTROL
campo de control 53252
003 - IDENTIFICADOR DE NÚMERO DE CONTROL
campo de control ES-MaACL
005 - FECHA Y HORA DE LA ÚLTIMA TRANSACCIÓN
campo de control 20250910202027.0
007 - CAMPO FIJO DE DESCRIPCIÓN FÍSICA--INFORMACIÓN GENERAL
campo de control de longitud fija t|
008 - DATOS DE LONGITUD FIJA--INFORMACIÓN GENERAL
campo de control de longitud fija 960520s1895 sp a ||||1| spa d
040 ## - FUENTE DE CATALOGACIÓN
Centro catalogador/agencia de origen CLM
Lengua de catalogación spa
Centro/agencia transcriptor CCPB | SIC
080 ## - NÚMERO DE LA CLASIFICACIÓN DECIMAL UNIVERSAL
Número de la Clasificación Decimal Universal 338.45(100):663.25
100 1# - ENTRADA PRINCIPAL--NOMBRE DE PERSONA
Nombre de persona Dupuy de Lôme, Enrique.
9 (RLIN) 46143
245 13 - MENCIÓN DEL TÍTULO
Título La producción y el comercio de vinos en los Estados Unidos /
Mención de responsabilidad, etc. memoria redactada por Enrique Dupuy de Lôme y Vicente Vera y López.
260 ## - PUBLICACIÓN, DISTRIBUCIÓN, ETC.
Lugar de publicación, distribución, etc. Madrid :
Nombre del editor, distribuidor, etc. [s.n.],
Fecha de publicación, distribución, etc. 1895 (
Fabricante Tipolitografia de L. Péant é Hijos)
300 ## - DESCRIPCIÓN FÍSICA
Extensión 268 p., [2] h. de map. pleg. :
Otras características físicas il. ;
Dimensiones 27 cm.
530 ## - NOTA DISPONIBLE DE FORMULARIO FÍSICO ADICIONAL
Nota de formato físico adicional disponible Disponible también en sitio web.
650 #4 - PUNTO DE ACCESO ADICIONAL DE MATERIA--TÉRMINO DE MATERIA
Término de materia o nombre geográfico como elemento de entrada Industria vitivínicola.
9 (RLIN) 141183
700 1# - ENTRADA AGREGADA--NOMBRE PERSONAL
Nombre de persona Vera, Vicente,
Fechas asociadas al nombre 1855-1934
9 (RLIN) 113953
852 ## - LOCALIZACIÓN
Ubicación ES-MaACL
Número de control de estantería G-6186
852 ## - LOCALIZACIÓN
Ubicación ES-MaACL
Número de control de estantería T-780-F-4
Nota libre .- Donativo Sr. Moret
856 ## - LOCALIZACIÓN Y ACCESO ELECTRÓNICOS
Identificador Uniforme de Recursos <a href="http://bibliotecadigitalhispanica.bne.es:80/webclient/DeliveryManager?pid=1865924&custom_att_2=simple_viewer">http://bibliotecadigitalhispanica.bne.es:80/webclient/DeliveryManager?pid=1865924&custom_att_2=simple_viewer</a>
Nota pública Ir a la página
Holdings
Estatus retirado Estado de pérdida Estado de daño No para préstamo Colección Biblioteca de origen Biblioteca actual Ubicación en estantería Fecha de adquisición Fuente de adquisición Total de préstamos Signatura topográfica completa Código de barras Visto por última vez Precio de reemplazo Tipo de ítem Koha
        Colección de folletos Biblioteca del Ateneo de Madrid Biblioteca del Ateneo de Madrid Depósito folletos 17/01/2008     T-780-F-4 1055953 23/02/2023 23/02/2023 Folleto
        Colección digital Biblioteca del Ateneo de Madrid Biblioteca del Ateneo de Madrid Depósito 2 17/01/2008     G-6186 1055952 23/02/2023 23/02/2023 Libro impreso antiguo